Faculty of Law Library — Cairo University

Official Online Catalog

Criminology / (Record no. 66351)

MARC details
000 -LEADER
fixed length control field 01333nam a2200349 i 4500
003 - CONTROL NUMBER IDENTIFIER
control field EG-GICUC
005 - DATE AND TIME OF LATEST TRANSACTION
control field 20260315155518.0
008 - FIXED-LENGTH DATA ELEMENTS--GENERAL INFORMATION
fixed length control field 260315s1989 nyua|||fr|||| 001 0 eng d
020 ## - INTERNATIONAL STANDARD BOOK NUMBER
International Standard Book Number 0023238011
020 ## - INTERNATIONAL STANDARD BOOK NUMBER
International Standard Book Number 9780023238017
040 ## - CATALOGING SOURCE
Original cataloging agency EG-GICUC
Transcribing agency EG-GICUC
Modifying agency EG-GICUC
Description conventions rda
Language of cataloging eng
041 ## - LANGUAGE CODE
Language code of text/sound track or separate title eng
082 04 - DEWEY DECIMAL CLASSIFICATION NUMBER
Edition number 21
Classification number 343.6
Item number CO . C
092 04 - LOCALLY ASSIGNED DEWEY CALL NUMBER (OCLC)
Edition number 21
099 ## - LOCAL FREE-TEXT CALL NUMBER (OCLC)
Classification number Law1 10 343.6 CO . C 3 ed - 1989
100 1# - MAIN ENTRY--PERSONAL NAME
Personal name Conklin , John E
Relator term Author.
245 10 - TITLE STATEMENT
Title Criminology /
Statement of responsibility, etc. John E. Conklin Tufts University.
250 ## - EDITION STATEMENT
Edition statement Third Edition
264 #1 - PRODUCTION, PUBLICATION, DISTRIBUTION, MANUFACTURE, AND COPYRIGHT NOTICE
Place of production, publication, distribution, manufacture New York :
Name of producer, publisher, distributor, manufacturer Macmillan Publishing Company,
Date of production, publication, distribution, manufacture, or copyright notice 1989.
300 ## - PHYSICAL DESCRIPTION
Extent 631 pages ;
Dimensions 25 cm.
336 ## - CONTENT TYPE
Source rda content
Content type term text
337 ## - MEDIA TYPE
Source rda media
Media type term Computer
338 ## - CARRIER TYPE
Source rda carrier
Carrier type term Online Resource
504 ## - BIBLIOGRAPHY, ETC. NOTE
Bibliography, etc. note includes bibliographical references and index.
505 ## - FORMATTED CONTENTS NOTE
Formatted contents note This text in criminology covers topics such as crime on campus, crime in cross-cultural perspective, and using criminology. It contains sections on gender, feminist criminology and power-control theory. This edition includes an expanded section on the social organization of white-collar crime.<br/>
546 ## - LANGUAGE NOTE
Language note Text in English
630 ## - SUBJECT ADDED ENTRY--UNIFORM TITLE
Uniform title Criminal law
630 ## - SUBJECT ADDED ENTRY--UNIFORM TITLE
Uniform title Criminology
856 40 - ELECTRONIC LOCATION AND ACCESS
Uniform Resource Identifier <a href="https://fll.law.cu.edu.eg/fulltext/bks/B10-08207.pdf">https://fll.law.cu.edu.eg/fulltext/bks/B10-08207.pdf</a>
905 ## - Cataloger and Reviser Names
Cataloger Name: Gomana
942 ## - ADDED ENTRY ELEMENTS (KOHA)
Source of classification or shelving scheme Dewey Decimal Classification
Suppress in OPAC No
Koha item type Books
Edition 21
Holdings
Withdrawn status Lost status Source of classification or shelving scheme Damaged status Not for loan Collection Home library Current library Date acquired Total checkouts Full call number Barcode Date last seen Copy number Price effective from Koha item type
    Dewey Decimal Classification   Not for loan القانون الجنائي جــــامعة القــاهرة مكتبة كلية الحقوق - المبنى الرئيسي 15.03.2026   Law1 10 343.6 CO . C 3 ed - 1989 1008207 C1 B10-08207 15.03.2026 1 15.03.2026 Books

© All rights reserved — Faculty of Law, Cairo University